Éléments chimiques - Mort subite - Statistiques

Statistiques générales
  • Ce quiz a été pris 709 fois
  • Le résultat moyen est 12 sur 25
Answers on the Grid
Answers color-coded by a green-red scale on the quiz's grid according to % correct below.
Acier
Ammoniac
Argent
Argon
Arsenic
Azote
Bicarbonate
Bismuth
Bronze
Carbone
Chlore
Deutérium
Dioxygène
Einsteinium
Électrum
Fer
Fluor
Hafnium
Hélion
Hydrogène
Italium
Magnésium
Manganèse
Mercure
Néon
Neptunium
Nitrate
Or
Oregon
Osmium
Oxonium
Polonium
Saccharose
Saturnium
Sélénium
Silicium
Sulfate
Tungstène
Xénon
Zirconium
 
Statistiques - réponses
Réponse % Correct
Argent
70%
Azote
69%
Argon
62%
Chlore
61%
Carbone
60%
Fer
60%
Or
57%
Hydrogène
53%
Fluor
52%
Néon
50%
Silicium
50%
Magnésium
49%
Xénon
49%
Mercure
48%
Manganèse
44%
Polonium
42%
Tungstène
42%
Arsenic
39%
Bismuth
39%
Zirconium
37%
Sélénium
35%
Einsteinium
33%
Neptunium
29%
Osmium
28%
Hafnium
19%
Aucun quiz correspondant
Distribution des résultats
% des personnes avec chaque résultat
Percentile par nombre de réponses
Votre historique - résultats
Vous n’avez pas pris ce quiz